| 000 | 00630nam a22001817a 4500 | ||
|---|---|---|---|
| 999 |
_c189378 _d189378 |
||
| 005 | 20220627120257.0 | ||
| 010 | _aENG-133388 | ||
| 020 |
_a9788183822695 _c125.00 |
||
| 035 | _aEN-116920 | ||
| 037 | _bDBAD/PUB | ||
| 082 | _a480 | ||
| 100 | _aGupta, Reena | ||
| 245 |
_aEffective English: _bA Boon for Learners/ _cReena Gupta |
||
| 260 |
_aNew Delhi _bLotus Press Publishers & Distributors _c2012 |
||
| 270 |
_aUnit No. 220, Second Floor, 4737/22, Prakash Deep Building, Ansari Road, Daryaganj _bNew Delhi _e110002 _k32903912 _mlotus_press@sify.com |
||
| 300 |
_a208p. _c22cm(pbk) |
||
| 942 |
_2ddc _cEN _h480 _mGUP |
||